000 00727nam a2200193 a 4500
001 000002169
005 20200929150154.0
008 090701s19uu dr a 001 0 spa d
040 _aDO-SdBNP
_bspa
_cBNPHU
100 1 _aOrtiz S., José Francisco
_96918
245 1 0 _a¿Quién soy? :
_bUna puerta hacia la liberación /
_cJosé Francisco Ortiz S. ; prólogo Diómedes S. Chrístopher ; ilustración Elvis de Jesús Valerio.
260 _aSanto Domingo :
_bPunto Mágico,
_c199?
300 _a206 p. :
_bil. ;
_c21 cm.
490 0 _aMi pequeñisima obra
500 _aIncluye índice
700 1 _aChrístopher, Diómedes S.
_epról.
_93220
700 1 _aJesús Valerio, Elvis de
_eil.
_96919
830 0 _aMi pequeñisima obra
_93221
999 _c2017
_d2017